书目信息 |
| 题名: |
当代西方教育哲学
|
|
| 作者: | 陈友松 | |
| 分册: | ||
| 出版信息: | 北京 教育科学出版社 1982 |
|
| 页数: | 262页 | |
| 开本: | 20cm | |
| 丛书名: | ||
| 单 册: | ||
| 中图分类: | B152 | |
| 科图分类: | ||
| 主题词: | 哲学--世界--现代 | |
| 电子资源: | ||
| ISBN: | ||
| 000 | 00503nam0 2200181 450 | |
| 001 | 0728815141 | |
| 005 | 20070819080015.14 | |
| 010 | @d¥0.83 | |
| 100 | @a20070819d km y0chiy0120 ea | |
| 101 | 0 | @achi |
| 200 | 1 | @a当代西方教育哲学@Adang dai xi fang jiao yu zhe xue@f陈友松@Fchen you song |
| 210 | @a北京@c教育科学出版社@d1982 | |
| 215 | @a262页@d20cm | |
| 606 | 0 | @a哲学@x世界@x现代 |
| 690 | @aB152@v3 | |
| 701 | 0 | @a陈友松@Achen you song |
| 801 | 0 | @aCN@bPFT@c20070819 |
| 905 | @a213230@dB152@eZW46@f1 | |
| 当代西方教育哲学/陈友松.-北京:教育科学出版社,1982 |
| 262页;20cm |
| ISBN :¥0.83 |
| ● |
| 相关链接 |
|
|
|
|
正题名:当代西方教育哲学
索取号:B152/ZW46
 
预约/预借
| 序号 | 登录号 | 条形码 | 馆藏地/架位号 | 状态 | 备注 |
| 1 | 7600821 | 276008213 | 密集书库-文学院/ [索取号:B152/ZW46] | 在馆 |